MARC details
| 000 -LEADER |
| fixed length control field |
03854cam a22005897i 4500 |
| 001 - CONTROL NUMBER |
| control field |
on1396792713 |
| 003 - CONTROL NUMBER IDENTIFIER |
| control field |
OCoLC |
| 005 - DATE AND TIME OF LATEST TRANSACTION |
| control field |
20240620195748.0 |
| 006 - FIXED-LENGTH DATA ELEMENTS--ADDITIONAL MATERIAL CHARACTERISTICS |
| fixed length control field |
m o d |
| 007 - PHYSICAL DESCRIPTION FIXED FIELD--GENERAL INFORMATION |
| fixed length control field |
cr cnu---unuuu |
| 008 - FIXED-LENGTH DATA ELEMENTS--GENERAL INFORMATION |
| fixed length control field |
230616s2023 enkb o 000 0 eng d |
| 040 ## - CATALOGING SOURCE |
| Original cataloging agency |
P@U |
| Language of cataloging |
eng |
| Description conventions |
rda |
| -- |
pn |
| Transcribing agency |
P@U |
| Modifying agency |
JSTOR |
| -- |
EBLCP |
| -- |
OCLCO |
| -- |
YDX |
| -- |
N$T |
| -- |
YDX |
| -- |
OCLCO |
| -- |
OCLCQ |
| -- |
DEGRU |
| -- |
OCLCQ |
| -- |
CAMBR |
| -- |
OCLCF |
| 020 ## - INTERNATIONAL STANDARD BOOK NUMBER |
| International Standard Book Number |
9781641893671 |
| Qualifying information |
(electronic book) |
| 020 ## - INTERNATIONAL STANDARD BOOK NUMBER |
| International Standard Book Number |
1641893672 |
| Qualifying information |
(electronic book) |
| 020 ## - INTERNATIONAL STANDARD BOOK NUMBER |
| Canceled/invalid ISBN |
9781641893664 |
| 035 ## - SYSTEM CONTROL NUMBER |
| System control number |
(OCoLC)1396792713 |
| 037 ## - SOURCE OF ACQUISITION |
| Stock number |
22573/cats6847247 |
| Source of stock number/acquisition |
JSTOR |
| 043 ## - GEOGRAPHIC AREA CODE |
| Geographic area code |
a-kr--- |
| 050 #4 - LIBRARY OF CONGRESS CALL NUMBER |
| Classification number |
BX1670.5 |
| Item number |
.B76 2023 |
| 100 1# - MAIN ENTRY--PERSONAL NAME |
| Personal name |
Broomhall, Susan. |
| 245 10 - TITLE STATEMENT |
| Title |
Evangelizing Korean Women and Gender in the Early Modern World : |
| Remainder of title |
the Power of Body and Text. |
| 264 #1 - PRODUCTION, PUBLICATION, DISTRIBUTION, MANUFACTURE, AND COPYRIGHT NOTICE |
| Place of production, publication, distribution, manufacture |
Leeds : |
| Name of producer, publisher, distributor, manufacturer |
Arc Humanities Press, |
| Date of production, publication, distribution, manufacture, or copyright notice |
2023. |
| 264 #4 - PRODUCTION, PUBLICATION, DISTRIBUTION, MANUFACTURE, AND COPYRIGHT NOTICE |
| Date of production, publication, distribution, manufacture, or copyright notice |
©2023 |
| 300 ## - PHYSICAL DESCRIPTION |
| Extent |
1 online resource (140 pages) : |
| Other physical details |
maps. |
| 336 ## - CONTENT TYPE |
| Content type term |
text |
| Content type code |
txt |
| Source |
rdacontent |
| 337 ## - MEDIA TYPE |
| Media type term |
computer |
| Media type code |
c |
| Source |
rdamedia |
| 338 ## - CARRIER TYPE |
| Carrier type term |
online resource |
| Carrier type code |
cr |
| Source |
rdacarrier |
| 490 0# - SERIES STATEMENT |
| Series statement |
Gender and power in the premodern world |
| 505 0# - FORMATTED CONTENTS NOTE |
| Formatted contents note |
Front Cover -- Front matter -- Half-title -- Series information -- Title page -- Copyright information -- Table of contents -- Acknowledgments -- Notes on The Text -- List of maps -- Timeline of Key Events -- Body -- Introduction -- The Power of the Body and the Text -- Structure -- Chapter 1. Encounter -- The Joseon Kingdom: "The Treasure Kept for the Man who Most Merits It" -- Korean Women's Bodies and Kirishitan Masculine Performance -- "Fruit Well Taken from This War": Evangelizing Koreans in Japan -- Gender and Mission Strategy -- Conclusions -- Chapter 2. Community |
| 505 8# - FORMATTED CONTENTS NOTE |
| Formatted contents note |
Becoming Christian: Gender, the Body, and Affectivity -- Articulating Christian Belonging -- Contributing to the Christian Community -- Belonging and the Christian Orders -- Conclusions -- Chapter 3. Suffering -- Korean Women and Psychic Violence -- The Threat of Sexual Violence -- Physical Suffering as the Vulnerable Christ -- Fatal Violence -- Conclusions -- Chapter 4. Mobility -- Men, Mobility, and Missions to Joseon -- Exile as Gendered Opportunity -- Joseon via China: Knowledge Exchanges Between Learned Men -- Conclusions -- Conclusions -- Back matter -- Bibliography |
| 505 8# - FORMATTED CONTENTS NOTE |
| Formatted contents note |
Manuscript Primary Sources -- Printed Primary Sources -- Secondary Sources -- index |
| 520 ## - SUMMARY, ETC. |
| Summary, etc. |
This monograph examines how Korean women and men came to engage with Catholic missions during Europe's late sixteenth and seventeenth centuries, a profoundly volatile period in East Asian history during which political, cultural, and social disruption created opportunities for new interactions in the region. It analyzes the nature of that engagement, as women and men became both subjects for, and agents of, catechizing practices. As their evangelization, exper. |
| 590 ## - LOCAL NOTE (RLIN) |
| Local note |
JSTOR |
| Provenance (VM) [OBSOLETE] |
Books at JSTOR Open Access |
| 610 20 - SUBJECT ADDED ENTRY--CORPORATE NAME |
| Corporate name or jurisdiction name as entry element |
Catholic Church |
| Geographic subdivision |
Korea |
| General subdivision |
History. |
| 610 20 - SUBJECT ADDED ENTRY--CORPORATE NAME |
| Corporate name or jurisdiction name as entry element |
Catholic Church |
| General subdivision |
History. |
| Authority record control number or standard number |
http://id.loc.gov/authorities/subjects/sh85021115 |
| 610 26 - SUBJECT ADDED ENTRY--CORPORATE NAME |
| Corporate name or jurisdiction name as entry element |
Église catholique |
| General subdivision |
Histoire. |
| 610 27 - SUBJECT ADDED ENTRY--CORPORATE NAME |
| Corporate name or jurisdiction name as entry element |
Catholic Church. |
| Source of heading or term |
fast |
| Authority record control number or standard number |
(OCoLC)fst00531720 |
| 650 #0 - SUBJECT ADDED ENTRY--TOPICAL TERM |
| Topical term or geographic name entry element |
Women |
| General subdivision |
Religious life |
| Geographic subdivision |
Korea |
| General subdivision |
History. |
| 650 #0 - SUBJECT ADDED ENTRY--TOPICAL TERM |
| Topical term or geographic name entry element |
Women |
| Geographic subdivision |
Korea |
| General subdivision |
History. |
| 650 #0 - SUBJECT ADDED ENTRY--TOPICAL TERM |
| Topical term or geographic name entry element |
Evangelistic work |
| General subdivision |
Catholic Church |
| -- |
History. |
| 650 #6 - SUBJECT ADDED ENTRY--TOPICAL TERM |
| Topical term or geographic name entry element |
Femmes |
| Geographic subdivision |
Corée |
| General subdivision |
Histoire. |
| 650 #6 - SUBJECT ADDED ENTRY--TOPICAL TERM |
| Topical term or geographic name entry element |
Évangélisation |
| General subdivision |
Église catholique |
| -- |
Histoire. |
| 650 #7 - SUBJECT ADDED ENTRY--TOPICAL TERM |
| Topical term or geographic name entry element |
HISTORY |
| Geographic subdivision |
Asia |
| General subdivision |
General. |
| Source of heading or term |
bisacsh |
| 650 #7 - SUBJECT ADDED ENTRY--TOPICAL TERM |
| Topical term or geographic name entry element |
Evangelistic work |
| General subdivision |
Catholic Church. |
| Source of heading or term |
fast |
| Authority record control number or standard number |
(OCoLC)fst01766677 |
| 650 #7 - SUBJECT ADDED ENTRY--TOPICAL TERM |
| Topical term or geographic name entry element |
Women. |
| Source of heading or term |
fast |
| Authority record control number or standard number |
(OCoLC)fst01176568 |
| 650 #7 - SUBJECT ADDED ENTRY--TOPICAL TERM |
| Topical term or geographic name entry element |
Women |
| General subdivision |
Religious life. |
| Source of heading or term |
fast |
| Authority record control number or standard number |
(OCoLC)fst01176921 |
| 651 #7 - SUBJECT ADDED ENTRY--GEOGRAPHIC NAME |
| Geographic name |
Korea. |
| Source of heading or term |
fast |
| Authority record control number or standard number |
(OCoLC)fst01206434 |
| 655 #7 - INDEX TERM--GENRE/FORM |
| Genre/form data or focus term |
History. |
| Source of term |
fast |
| Authority record control number |
(OCoLC)fst01411628 |
| 856 40 - ELECTRONIC LOCATION AND ACCESS |
| Uniform Resource Identifier |
<a href="https://www.jstor.org/stable/10.2307/jj.6852983">https://www.jstor.org/stable/10.2307/jj.6852983</a> |
| 942 ## - ADDED ENTRY ELEMENTS (KOHA) |
| Koha item type |
E-Book |
| 994 ## - |
| -- |
92 |
| -- |
PHURS |